| 000 | 00358pab a2200121 454500 | ||
|---|---|---|---|
| 008 | 180718b xxu||||| |||| 00| 0 eng d | ||
| 100 | _aAmbedkar, S. Nagendra | ||
| 245 | _aUrban local self government in Andhra Pradesh | ||
| 650 | _a Local Self Government | ||
| 650 | _aMunicipal Corporations - India - Andhra Pradesh | ||
| 773 | _aCivic Affairs | ||
| 909 | _a23815 | ||
| 999 |
_c23815 _d23815 |
||